[Event "Lovsprings op 07th E"]
[Site "Ringsted"]
[Date "1995.03.31"]
[Round "4"]
[White "Johansen, Bjarne"]
[Black "Astrup, Knud"]
[Result "0-1"]
[WhiteElo "1100"]
[BlackElo "1188"]
[PlyCount "90"]
[EventDate "1995.03.10"]
[EventType "swiss"]
[EventRounds "7"]
[EventCountry "DEN"]
[SourceTitle "EXT 2023"]
[Source "ChessBase"]
[SourceDate "2022.10.05"]
[SourceVersion "1"]
[SourceVersionDate "2022.10.05"]
[SourceQuality "1"]

1. e3 e5 2. c4 c6 3. Nf3 e4 4. Nd4 d5 5. Qc2 Nf6 6. Nc3 Bc5 7. Nb3 Be7 8. d4 0-0 9. Bd2 Be6 10. c5 b6 11. 0-0-0 Nbd7 12. Na4 Qc7 13. a3 Ng4 14. Bc3 Nxh2 15. g3 Nxf1 16. Rdxf1 f5 17. Bd2 Qb8 18. cxb6 axb6 19. Kb1 Rc8 20. Nc3 c5 21. Qd1 c4 22. Na1 Qb7 23. Nc2 Nb8 24. Qh5 h6 25. Qg6 Bf7 26. Qxf5 Qd7 27. Qxd7 Nxd7 28. Na2 Be8 29. Bb4 Bxb4 30. Naxb4 Nf6 31. Rc1 Bb5 32. Ne1 Ra7 33. Ng2 Be8 34. Nf4 Bf7 35. Ka2 Kh7 36. Rh4 g5 37. Nbxd5 Nxd5 38. Rxh6+ Kxh6 39. Ne2 Kg6 40. Kb1 Rac7 41. Rc2 b5 42. b3 cxb3 43. Rxc7 Rxc7 44. Kb2 Nb6 45. Nc3 Na4+ 0-1